Poesías líricas II

Uloženo v:
Podrobná bibliografie
Hlavní autor: Vega Carpio, Lope Félix de
Médium: Kniha
Jazyk:Undetermined
Vydáno: Madrid, España Espasa-Calpe 1973
Témata:
Tagy: Přidat tag
Žádné tagy, Buďte první, kdo vytvoří štítek k tomuto záznamu!

MARC

LEADER 00000nam a2200000Ia 4500
008 170316s9999 xx 000 0 und d
090 |a 862 V-15po v.II 
100 |a Vega Carpio, Lope Félix de 
245 |a Poesías líricas II 
260 |a Madrid, España 
260 |b Espasa-Calpe 
260 |c 1973 
300 |a 174 páginas 
650 |a LITERATURA ESPAÑOLA 
999 |c 25938  |d 25938 
040 |a cru BVZT 
942 |c 15 D  |h 862 V-15po v.II  |2 z